| 000 | 00565nam a22001577a 4500 | ||
|---|---|---|---|
| 020 | _a978-93-5699-526-0 | ||
| 082 |
_a920 _bALU/S |
||
| 100 | _aALUKKAS, JOY; THOMAS SCARIA; NIDHIN JAIN | ||
| 245 | _aSPREADING JOY: HOW JOY ALUKKAS BECAME THE WORLD'S FAVOURITE JEWELLER | ||
| 246 |
_aSPREADING JOY: HOW JOY ALUKKAS BECAME THE WORLD'S FAVOURITE JEWELLER _bSPREADING JOY: HOW JOY ALUKKAS BECAME THE WORLD'S FAVOURITE JEWELLER |
||
| 260 |
_aHARYANA, INDIA _bHARPER _c2023 |
||
| 300 | _a242 | ||
| 520 | _aAUTOBIOGRAPHY | ||
| 650 | _aENGLISH AUTOBIOGRAPHY | ||
| 942 | _cBK | ||
| 999 |
_c8674 _d8674 |
||